01389 a2200217 45000010006000000050017000060080041000230030015000640400040000790800073001192450040001920200022002322500011002542640034002653000024002995050694003230410008010171000031010257000020010568560095010763980120260407155654.0260407a2011 arg spa dAR-UNSa-BCEJYS aAR-UNSa-BCEJYSbspacAR-UNSa-BCEJYS a657.3xPresupuestos. Cierre de Cuentas. Balances (Estados Contables)10aPresentación de estados contables a978-987-01-1208-2 a3a. ed 1aBuenos Aires :bErreparc2011 axii, 210 p.c27 cm. a1. Normas contables - 2. Normas generales de exposición contable. Resolución técnica Nº 8 - 3. Normas particulares de exposición contable para entes comerciales, industriales y de servicio. Resolución técnica Nº 9 - 4. Normas particulares de exposición contable para entes sin fines de lucro. Resolución técnica Nº 11 - 5. Normas particulares de exposición contable para entes cooperativos. Resolución técnica Nº 24 - 6. Las Normas internacionales de contabilidad - 7. El estado de flujo de efectivo - 8. Información comparativa - 9. Información por segmentos - 10. Análisis de estados contables - 11. La resolución 4/2009 de la IGJ y la memoria anual.  aspa1 aPaulone, Héctor Mauricio1 aVeiras, Alberto41uhttps://biblioeco.unsa.edu.ar/pmb/images/libros/L117850.jpgyImagen de portadaqimage/jpeg